Game of Thrones Trivia Book 1 - Statistics

General Stats
  • This quiz has been taken 301 times
  • The average score is 10 of 12
Answer Stats
Hint Answer % Correct
Who's sword is called "Needle?" Arya
99%
What is the Wall made of? Ice
95%
Who is betrothed to Joffrey Baratheon? Sansa
95%
Who is called the "Spider?" Varys
94%
What Stark child is crippled? Bran
92%
Who is Eddard Stark's bastard? Jon Snow
90%
Who is Joffrey, Tommen, and Myrcella Baratheons' true father? Jaime
87%
Who is the Daenary Targaryen's husband? Khal Drogo
87%
Who is called "Littlefinger?" Petyr Baelish
85%
Who arrests Tyrion Lannister for the attempted killing of Bran Stark? Catelyn
84%
What family lives in Winterfell? Starks
84%
Who beheads Eddard Stark? Ser Illyn
15%
No matching quizzes found
Score Distribution
Percent of People with Each Score
Percentile by Number Answered
Your Score History
You have not taken this quiz